000 01357cab a2200205 4500
001 ABS44596
008 090401t1991 xxu||||| |||| 00| 0 eng d
035 _a(Sirsi) u47936
041 _aeng
100 _aBresnen, M. J.
245 _aConstruction contracting in theory and practice: a case study
260 _c1991
350 _a0
490 _aConstruction Management & Economics
_v9(3) June 1991, 247-263(9)
520 _aArgues that research in the area of alternative contracting methods has tended to analyse the problem at one remove by ignoring the reality of construction project management and the factors that commonly influence behaviour on a construction project. Evidence is presented from a case study of a management contract to demonstrate how the motives or aims that each party to the contract brings to the relationship and the ability they have to influence successfully the decision and actions taken can have a substantial effect upon the cause of events. It concludes that any assessment of the efficiency of various types of delivery system ought to take into account the factors that are likely to influence the operation of those systems in practice. References. (Based on journal abstract)
650 _aPROJECT ORGANISATION
690 _aBUILT ENVIRONMENT-BUILDING CONTRACT FORMS
942 _n0
948 _c04/03/1997
999 _c30144
_d30144